Norma Chilena Oficial NCh 409-2. Of84

Guardat en:
Dades bibliogràfiques
Autor corporatiu: Instituto Nacional de Normalización (Autor), INN (Autor)
Format: Llibre
Idioma:espanyol
Publicat: Santiago Instituto Nacional de Normalización 1984
Edició:1a. ed
Matèries:
Etiquetes: Afegir etiqueta
Sense etiquetes, Sigues el primer a etiquetar aquest registre!

MARC

LEADER 00000nam a2200000 a 4500
001 UCK6049
003 CL-VaPUC
008 050902e19840000CL |||||||||||||||||spa|d
082 0 4 |a 628.1  |b INS  |2 21 
110 2 |a Instituto Nacional de Normalización  |e author  |9 495135 
710 2 |a INN  |e author  |9 495136 
245 1 0 |a Norma Chilena Oficial NCh 409-2. Of84 
246 1 0 |a Agua potable - parte 2: muestreo 
250 |a 1a. ed 
300 |a 8 p 
942 |c BK 
945 |d 20050902 00:00:00  |a jcarroza 
260 |a Santiago  |b Instituto Nacional de Normalización  |c 1984 
650 0 |a Agua  |9 257149 
650 0 |a Agua potable   |9 260375 
650 0 |a Muestreo  |9 270457 
650 7 |a NORMAS  |2 CL-VaPUC  |9 259606 
583 |a last modification  |c 20050902 00:00:00  |k Rodrigo Vera 
999 |c 314444  |d 314442